Manorama yearbook 2026 (English)/ (Record no. 181396)

000 -LEADER
fixed length control field 00401nam a22001571a 4500
020 ## - INTERNATIONAL STANDARD BOOK NUMBER
ISBN 9789359599311
082 ## - DEWEY DECIMAL CLASSIFICATION NUMBER
Classification number 050
Item number MAM/M
245 ## - TITLE STATEMENT
Title Manorama yearbook 2026 (English)/
Statement of responsibility, etc by Mamman Mathew (ed.)
250 ## - EDITION STATEMENT
Edition statement 61th.
260 ## - PUBLICATION, DISTRIBUTION, ETC. (IMPRINT)
Place of publication Kottayam:
Name of publisher Malayala Manorama,
Year of publication 2026.
300 ## - PHYSICAL DESCRIPTION
Number of Pages 1007p.
650 ## - SUBJECT ADDED ENTRY--TOPICAL TERM
Topical Term Yearbook
650 ## - SUBJECT ADDED ENTRY--TOPICAL TERM
Topical Term General Knowledge
700 ## - ADDED ENTRY--PERSONAL NAME
Personal name Mamman Mathew (ed.)
942 ## - ADDED ENTRY ELEMENTS (KOHA)
Koha item type Reference
Holdings
Withdrawn status Lost status Damaged status Not for loan Permanent Location Current Location Shelving location Date acquired Cost, normal purchase price Full call number Accession Number Price effective from Koha item type
        Sree Sankaracharya University of Sanskrit Sree Sankaracharya University of Sanskrit Reference 05.05.2026 350.00 R 050 MAM/M 110301 05.05.2026 Reference